| 000 | 00000nam##2200000za#4500 |
| 001 | 9.644277 |
| 003 | CaOODSP |
| 005 | 20210624224551 |
| 007 | cr ||||||||||| |
| 008 | 150407|1980||||xxc|||||o f|0| 0 fre|d |
| 040 | |aCaOODSP|bfre |
| 043 | |an-cn--- |
| 086 | 1 |aA53-1247/1980F-PDF |
| 110 | 1 |aCanada.|bAgriculture Canada. |bService de l'information. |
| 245 | 10|aMaladies et ravageurs des graminées à gazon dans les provinces des prairies / |h[ressource électronique]|c[par] J.B. Lebeau. |
| 260 | |aOttawa - Ontario : |bAgriculture Canada. |cc1980. |
| 300 | |a16p.|bill., tableaux |
| 500 | |aPublication historique numérisée par Agriculture et Agroalimentaire Canada. |
| 590 | |a15-03-Supp|b2015-03-13 |
| 720 | 1 |aLarmond, Elizabeth |
| 856 | 40|ahttp://publications.gc.ca|qPDF|s1347 Ko|uhttps://publications.gc.ca/collections/collection_2015/aac-aafc/A53-1247-1980-fra.pdf |
| 986 | |aPublication 1247 |